000 00599nam a2200229Ia 4500
003 OSt
005 20220926042456.0
006 a|||||r|||| 00| 0
007 ta
008 220923b |||||||| |||| 00| 0 eng d
037 _cGeneral Book
040 _aRTL
_cRTL
_beng
041 _2eng
_aeng
082 _aX9(J311).2.N5, J1
100 _aRoy S C
_994101
245 0 _aMonograph on the gur industry of India
260 _c1951
300 _a300p
_ccm.
650 _aSugarcane Industry
_9230419
942 _hX9(J311).2.N5, J1
_cGB
_2CC
999 _c669813
_d669813